000 00215as aa2200097a 44500
090 _aSERIADAS
_b00994
245 1 0 _aTelopea
260 _bRoyal Botanic Gardens Sydney
_aAustralia
041 0 _aInglés
942 _cREVISTA
999 _c17149
_d17149